Movie Trivia 2 - Statistics

General Stats
  • This quiz has been taken 23 times
    15 since last reset
  • The average score is 8 of 14
Answer Stats
Question Answer % Correct
What bible passage does Jules use in Pulp Fiction Ezekiel 25:17
100%
What is Boris Grishenko's catchphrase? I am invincible!
100%
Who is not a "usual suspect"? Stu Macher
100%
Which isn't a real captain? Captain China
75%
Which one is a character in the Godfather Tom Hagen
75%
Which came first Disney or Fleischer? Fleischer
50%
Which is not the first name of a Bond villain? Mark
50%
Who throws a shoe? Honestly? Random Task
50%
Who is not a main James Bond Villain Richard Stamper
50%
Who did not play James Bond Robert Davi
50%
What is not a ghost in Ghostbusters? The Jaguaro
50%
What is Clint Howard's character's name in Rock 'N' Roll High School? Eaglebauer
25%
Which is NOT a title of a Scooby-Doo movie Race For Your Life!
25%
Which is not a nickname a character goes by S
25%
No matching quizzes found
Score Distribution
Percent of People with Each Score
Percentile by Number Answered
Your Score History
You have not taken this quiz since the last reset